Quick Pick: Ice Pokémon Quiz Stats

 Plays Quiz Updated Apr 24, 2019

Score 0/10 Timer 01:00
0 Plays Today
% Correct
Froslass
82.2%
Lapras
77.8%
Vulpix (Alola)
77.4%
Spheal
75.7%
Swinub
73%
Sandshrew (Alola)
72.2%
Weavile
65.3%
Kyurem
62.5%
Smoochum
61.8%
Amaura
58.1%

Today's Daily Dose

Missing Word
Banned Books (A-Z)

Word Ladder
Janis Joplin

Get the Picture
Occupations

You're not logged in!

Compare scores with friends on all Sporcle quizzes.
OR
Log In

Sporcle TV

Today on Sporcle TV


Watch our educational content, quiz creation guides, and fun videos on Sporcle TV.

Show Comments

Extras

Top Quizzes Today


Score Distribution

Your Account Isn't Verified!

In order to create a playlist on Sporcle, you need to verify the email address you used during registration. Go to your Sporcle Settings to finish the process.

Report this User

Report this user for behavior that violates our Community Guidelines.

Details: